| 000 | 00670nam a2200241 a 4500 | ||
|---|---|---|---|
| 005 | 20210219152843.0 | ||
| 008 | 991125n 000 0 eng u | ||
| 035 | _aUPN01000063220 | ||
| 100 | _aEisemon, Thomas Owen | ||
| 222 | _aHIGHER EDUCATION | ||
| 245 | _aAfrican universities and the state : prospects for reform in Senegal and Uganda | ||
| 300 | _a151-168 | ||
| 362 | _a1993 25, No. 2 | ||
| 505 | _aOctubre 1993 | ||
| 653 | 0 | _aADMINISTRACION DE COLEGIOS | |
| 653 | 0 | _aAUTONOMIA INSTITUCIONAL | |
| 653 | 0 | _aCAMBIO EDUCATIVO | |
| 653 | 0 | _aGOBIERNO | |
| 653 | 0 | _aPUBLIC POLICY | |
| 700 | _aSalmi, Jamil | ||
| 904 |
_aAC _b001031 |
||
| 905 | _aArticulo | ||
| 999 |
_c62032 _d62032 |
||